Fr. Conceicao Rodrigues College of Engineering

Product Design & Manufacturing (Record no. 27872)

MARC details
000 -LEADER
fixed length control field 00289nam a2200133Ia 4500
100 ## - MAIN ENTRY--PERSONAL NAME
Personal name None
245 ## - TITLE STATEMENT
Title Product Design & Manufacturing
260 ## - PUBLICATION, DISTRIBUTION, ETC.
Name of publisher, distributor, etc. Prentice Hall
Place of publication, distribution, etc. Tokyo
Date of publication, distribution, etc. 1974
300 ## - PHYSICAL DESCRIPTION
Extent 447
546 ## - LANGUAGE NOTE
Language note ENGLISH
654 ## - SUBJECT ADDED ENTRY--FACETED TOPICAL TERMS
Focus term design & manufacturing
942 ## - ADDED ENTRY ELEMENTS (KOHA)
Koha item type BOOK
Holdings
Withdrawn status Lost status Damaged status Not for loan Collection Home library Current library Date acquired Total Checkouts Full call number Barcode Date last seen Price effective from Koha item type Date last checked out
        CRC Fr. Agnel's C.Rodrigues College of Engineering AGNEL TECHNICAL COLLEGE LIBRARY 17/03/2023 1 10996 31/12/2025 17/03/2023 BOOK 11/09/2025
        CRC Fr. Agnel's C.Rodrigues College of Engineering Fr. Agnel's C.Rodrigues College of Engineering 17/03/2023   10995 17/03/2023 17/03/2023 BOOK